Villes de France - Carte - Statistiques

Statistiques générales
  • Ce quiz a été pris 53 fois
  • Le résultat moyen est 12 sur 16
Statistiques - réponses
Par images Réponse % Correct
Paris
96%
Marseille
92%
Lyon
90%
Nice
86%
Bordeaux
84%
Brest
84%
Toulouse
84%
Lille
82%
Strasbourg
82%
Nantes
78%
Le Havre
62%
Grenoble
56%
Tours
56%
La Rochelle
48%
Metz
48%
Besançon
24%
Aucun quiz correspondant
Distribution des résultats
% des personnes avec chaque résultat
Percentile par nombre de réponses
Votre historique - résultats
Vous n’avez pas pris ce quiz